Bágky

Súbor slovenských bájok

Bibliographic Details
Main Author: Záborský, Jonáš, 1812-1876 (Author)
Format: Manuscript Book
Language:Slovak
PhysicalDescription:11 nečíslovaných strán rukopis, voľné listy 20 cm
Vydané aj v tlačenej forme
Published: [Dokument vznikol na Slovensku] [nie po 1840]
Subjects:

MARC

LEADER 00000ntmaa2200000 a 4500
001 vtls012068568
003 SK-MaSNL
005 20260301104153.0
008 251201q183u xo || 010 h slo
035 |a urn:nbn:sk:snk-tm00ggts 
035 |a urn:nbn:sk:snk-tm3n4p0 
035 |a 46AF9A5E-0ACF-48F5-8851-0BE24D8C7BEC 
040 |a SNKLA  |b slo  |c SNKLA  |e AACR2 
041 0 |a slo 
044 |a xo  |c SK 
072 7 |a 821.162.4-3  |x Slovenská próza  |2 konspekt 
080 |a 025.171  |2 2011 
080 |a 821.162.4-342  |2 2011 
100 1 |a Záborský, Jonáš,  |d 1812-1876  |4 aut  |9 104959 
245 1 0 |a Bágky  |c Prečislav (:Jonáš:) Zaborsky 
260 |a [Dokument vznikol na Slovensku]  |c [nie po 1840] 
300 |a 11 nečíslovaných strán  |b rukopis, voľné listy  |c 20 cm 
500 |a Obsahuje 21 bájok, z toho 11 je preškrtnutých 
500 |a Venovanie: Wysoce urozenému Pánu Martinowi Hamulakowi 
520 2 |a Súbor slovenských bájok 
530 |a Vydané aj v tlačenej forme 
555 0 |a Inventár rukopisov Literárneho archívu Matice slovenskej VIII. Fondy 31 - 41. Martin : Matica slovenská 1979 
561 |a Okrúhla pečiatka: Literárny archív Matice slovenskej Martin 
655 7 |a rukopisy  |2 SNKPH  |9 70548 
655 7 |a slovenské bájky  |2 SNKPH  |9 123108 
700 1 |a Hamuljak, Martin,  |d 1789-1859  |4 dte  |9 79936 
740 0 2 |a Wrabci a Kohaut 
740 0 2 |a Chudá wdowa 
740 0 2 |a Trasořiťka 
740 0 2 |a Wilk a chlapec 
740 0 2 |a Králik a ořel 
740 0 2 |a Krádca 
740 0 2 |a Traud a mrawenec 
740 0 2 |a Dwe sausedy 
740 0 2 |a Dřewěný a žiwý kun 
740 0 2 |a Pán a Cigáň 
740 0 2 |a Lew a pawauk 
740 0 2 |a Obžerný mlatec 
740 0 2 |a Welká a malá ryba 
740 0 2 |a Mraweniště a mrawenec 
740 0 2 |a Wagce a kamen 
740 0 2 |a Čas a Práca 
740 0 2 |a Wrátnjk a sedlák 
740 0 2 |a Mladá a stará ljška 
740 0 2 |a Pán a osel 
740 0 2 |a Člowek a Přjtomnosť 
740 0 2 |a Chlapec pastauch 
776 1 |t Bágky Jonáše Zaborského, kapláně w cirkwi Ew. Wrbicko-Sw. Mikulášskég  |w vtls001301541 
852 |a Slovenská národná knižnica  |b Literárny archív 
958 |a OF 
958 |a LAVD 
999 |c 697413  |d 699343 
952 |a SNKLA  |b SNKLA  |c SNKLA_DEP  |y NEVYP  |7 0  |p 17A1229794  |o snk31 F 67  |0 0  |1 0  |4 0  |d 2021-09-13  |f 1  |l 0  |r 2026-02-23 20:46:33  |w 2026-02-23